Southville International School and Colleges
Your cart is empty.
  • Cart
  • Lists
    Public lists Eva Luna New books Lux_list list_1
    Your lists Log in to create your own lists
  • Log in to your account
  • Your cookies
  • Search history
Southville International School and Colleges
  • Advanced search
  • Recent comments
  • Most popular
  • Libraries

Log in to your account

Log in with GOOGLE


If you do not have an external account, but do have a local account, you can still log in:

  1. Home
  2. MARC view: Consumer behavior in the 21st century /
Normal view MARC view ISBD view

Consumer behavior in the 21st century / (Record no. 48281)

[ view plain ]
MARC details
000 -LEADER
fixed length control field 00637nam a2200205Ia 4500
003 - CONTROL NUMBER IDENTIFIER
control field SISC
005 - DATE AND TIME OF LATEST TRANSACTION
control field 20170308084814.0
008 - FIXED-LENGTH DATA ELEMENTS--GENERAL INFORMATION
fixed length control field 140321s9999 xx 000 0 und d
020 ## - INTERNATIONAL STANDARD BOOK NUMBER
International Standard Book Number 9789814441414
050 ## - LIBRARY OF CONGRESS CALL NUMBER
Classification number HF 5415.32
Item number .H69 2013
100 ## - MAIN ENTRY--PERSONAL NAME
Personal name Hoyer, Wayne D.
245 ## - TITLE STATEMENT
Title Consumer behavior in the 21st century /
Statement of responsibility, etc Wayne D. Hoyer, Deborah J. Maclnnis and Rik Pieters.
250 ## - EDITION STATEMENT
Edition statement 2nd edition.
260 ## - PUBLICATION, DISTRIBUTION, ETC. (IMPRINT)
Place of publication, distribution, etc Philippines :
Name of publisher, distributor, etc Cengage Learning,
Date of publication, distribution, etc 2013.
300 ## - PHYSICAL DESCRIPTION
Extent 497 pages ;
Dimensions 26 cm.
500 ## - GENERAL NOTE
General note Includes bibliographical references and indexes.
650 ## - SUBJECT ADDED ENTRY--TOPICAL TERM
Topical term or geographic name as entry element Consumer behavior.
942 ## - ADDED ENTRY ELEMENTS (KOHA)
Call number prefix Foreign
Koha item type Books
Source of classification or shelving scheme Library of Congress Classification
Holdings
Withdrawn status Lost status Damaged status Home library Current library Shelving location Date acquired Total Checkouts Full call number Barcode Date last seen Date checked out Price effective from Koha item type
      College Library College Library Reserve Section 03/21/2014 1 HF 5415.32 .H69 2013 C17564 05/15/2018 09/05/2017 03/21/2014 Books

Consumer behavior in the 21st century /

APA

Hoyer W. D., . (2013). Consumer behavior in the 21st century. Philippines: Cengage Learning.

Chicago

Hoyer Wayne D, . 2013. Consumer behavior in the 21st century. Philippines: Cengage Learning.

Harvard

Hoyer W. D., . (2013). Consumer behavior in the 21st century. Philippines: Cengage Learning.

MLA

Hoyer Wayne D, . Consumer behavior in the 21st century. Philippines: Cengage Learning. 2013.

  • Place hold
  • Print
  • Cite
  • Add to your cart (remove)
  • Save record
    BIBTEX Dublin Core MARCXML MARC (non-Unicode/MARC-8) MARC (Unicode/UTF-8) MARC (Unicode/UTF-8, Standard) MODS (XML) RIS
  • More searches
    Search for this title in:
    Other Libraries (WorldCat) Other Databases (Google Scholar) Online Stores (Bookfinder.com) Open Library (openlibrary.org)

Exporting to Dublin Core...

SOUTHVILLE LIBRARY

Southville International School and Colleges Library

1281 Tropical Ave. Cor. Luxembourg St., BF Homes International, Las Pinas City

Tel. No. 8256374 / 252358 Loc. 117/146

Powered by Koha